000 00590nam a2200229Ia 4500
003 OSt
005 20220924150132.0
006 a|||||r|||| 00| 0
007 ta
008 220923b |||||||| |||| 00| 0 per d
024 _a331880
037 _cTextual
040 _aARTS
_cARTS
_bper
041 _2per
_aper
082 _aV45.N, 164L5
100 _aJami Nashraz Au.
_9221319
245 0 _aGuzishta-e-chiragh-e-rah aaindah ast
260 _c1975
650 _aIRAN - HISTORY
942 _hV45.N, 164L5
_cTEXL
_2CC
999 _c462276
_d462276